Traja postupujúci istí 10. majstrovstvá sveta vo volejbale žien

Podrobná bibliografia
Hlavní autori: Ježík, J. (Autor), Mičko, Ľ. (Autor), Pišťánek, Jozef, 1934-2007 (Autor), Mička, Ľ. (Autor)
Médium: Článok
Jazyk:slovenčina
Predmet:

MARC

LEADER 00000nab a2200000 a 4500
001 vtls000261862
003 SK-MaSNL
005 20260303192653.0
008 160201c1986 xo 0 slo
015 |a SNBRB19rr/mm-uuuuu 
035 |a CL0271976 
040 |a SNKBUCL  |b slo  |c SNKBUCL  |e AACR2 
041 0 |a slo 
044 |a xo  |c SK 
080 |a 796.325.093.1(100)  |2 1981 
100 1 |a Ježík, J.  |4 aut  |9 906051 
245 1 0 |a Traja postupujúci istí  |b 10. majstrovstvá sveta vo volejbale žien  |c J. Ježík, Ľ. Mičko, J. Pišťánek ; Ľ. Mička 
650 0 7 |a volejbal  |2 snkbucl  |9 3294 
651 7 |a 3100  |2 snkbucl  |9 920766 
651 7 |a 3807  |2 snkbucl  |9 921028 
655 7 |a články z novín a časopisov  |2 snkbucl  |9 267496 
700 1 |a Mičko, Ľ.  |4 aut  |9 960445 
700 1 |a Pišťánek, Jozef,  |d 1934-2007  |4 aut  |9 105760 
700 1 |a Mička, Ľ.  |4 aut  |9 1165229 
773 0 |t Šport  |g Roč. 40, č. 212 (9. 9. 1986), s. 1 a 12 
850 |a Slovenská národná knižnica v Martine  |a MTA001 
852 |a SNK  |b KIS3GCP 
958 |a RK 
958 |a CZ 
992 |a RBX 
999 |c 2147883  |d 2149813